Schooling in the ecology of fish
Uloženo v:
| Hlavní autor: | |
|---|---|
| Médium: | Kniha |
| Jazyk: | angličtina |
| Vydáno: |
Nueva York
John Wiley
1973
|
| Témata: | |
| Tagy: |
Přidat tag
Žádné tagy, Buďte první, kdo vytvoří štítek k tomuto záznamu!
|
MARC
| LEADER | 00000nam a2200000 a 4500 | ||
|---|---|---|---|
| 001 | UCV5058 | ||
| 003 | CL-VaPUC | ||
| 008 | 920603e19730000US |||||||||||||||||eng|d | ||
| 082 | 0 | 4 | |a 597.018 |b RAD |2 21 |
| 100 | 0 | |a Radakov, Dmitrii Viktorovich |e author |9 299311 | |
| 245 | 1 | 0 | |a Schooling in the ecology of fish |
| 300 | |a 173 p | ||
| 942 | |c BK | ||
| 945 | |d 19920603 00:00:00 | ||
| 260 | |a Nueva York |b John Wiley |c 1973 | ||
| 650 | 7 | |a PECES CONDUCTA |2 CL-VaPUC |9 261580 | |
| 650 | 7 | |a POBLACION DE PECES |2 CL-VaPUC |9 261161 | |
| 583 | |a last modification |c 19920603 00:00:00 |k Rodrigo Vera | ||
| 999 | |c 211659 |d 211657 | ||
| 952 | |0 0 |1 0 |2 ddc |4 0 |6 597_018000000000000_RAD_1973 |7 0 |8 CCM |9 191496 |a BIBCUR |b BIBCUR |c PAC |d 2019-11-14 |i 2590514 |o 597.018 RAD 1973 |p 2590514 |r 2025-04-22 |w 2019-11-14 |y BK |k CIM | ||
| 952 | |0 0 |1 0 |2 ddc |4 0 |6 597_018000000000000_RAD_1973 |7 0 |8 CCM |9 191497 |a BIBCUR |b BIBCUR |c PAC |d 2019-11-14 |i 2590522 |o 597.018 RAD 1973 |p 2590522 |r 2025-04-22 |w 2019-11-14 |y BK |k CIM | ||